Identifikácia neštandardného správania odberateľov v energetickej sieti

Guardado en:
Detalles Bibliográficos
Autor principal: Cuper, Matúš (Autor)
Otros Autores: Lóderer, Marek (Orientador)
Formato: Manuscrito Libro
Lenguaje:eslovaco
Publicado: 2019
Materias:
Acceso en línea:http://is.stuba.sk/zp/portal_zp.pl?podrobnosti=145527
Etiquetas: Agregar Etiqueta
Sin Etiquetas, Sea el primero en etiquetar este registro!

MARC

LEADER 00000ntm a22000003a 4500
001 stuzp74948
003 SK-STU
005 20190622212539.4
007 ta
008 150427s2015----xo-----f-mn---000-0-slo-d
040 |a STU  |b slo 
041 0 |a slo 
100 1 |a Cuper, Matúš  |u 070200  |k Z4  |4 aut  |U FIIT Fakulta informatiky a informačných technológií  |T FIIT Ústav informatiky, informačných systémov a softvérového inžinierstva  |X 73688  |U I200  |Y 179  |7 73688 
242 0 1 |a Identification of abnormal behavior of customers in the power grid  |y eng 
245 1 0 |a Identifikácia neštandardného správania odberateľov v energetickej sieti 
260 |c 2019 
650 4 |a dátová analytika  |2 slo 
650 4 |a strojové učenie  |2 slo 
650 4 |a veľké dáta  |2 slo 
650 4 |a detekcia anomálií  |2 slo 
650 4 |a machine learning  |2 eng 
650 4 |a big data  |2 eng 
650 4 |a anomaly detection  |2 eng 
650 4 |a data analytics  |2 eng 
700 1 |a Lóderer, Marek  |u 070200  |k Z3  |4 ths  |U FIIT Fakulta informatiky a informačných technológií  |T FIIT Ústav informatiky, informačných systémov a softvérového inžinierstva  |X 64391  |U I200  |Y 179  |7 64391 
856 4 |u http://is.stuba.sk/zp/portal_zp.pl?podrobnosti=145527 
996 |c I*DP57/19  |l II680  |s P  |a 0  |w stuzp74948_0001